Získávání nových trhů
Upresnenie podmienok pre vstup na zvolené trhy. Ciele vlastného výskumu zahraničného trhu ohľadne výrobkov efektívne predajných na danom trhu. Dokazovanie akosti exportovaných výrobkov. Prieskum požiadaviek spotrebiteľov a distribučnej siete. Zisťovanie dovozných cien a platobných podmienok. Postup...
Enregistré dans:
| Auteur principal: | |
|---|---|
| Autres auteurs: | |
| Format: | Chapitre de livre |
| Langue: | tchèque |
| Sujets: | |
| Tags: |
Pas de tags, Soyez le premier à ajouter un tag!
|
MARC
| LEADER | 00000naa a2200000 4500 | ||
|---|---|---|---|
| 001 | r034533 | ||
| 005 | 20230908092613.3 | ||
| 041 | 0 | |a cze | |
| 044 | |a CZ | ||
| 245 | 1 | 0 | |a Získávání nových trhů |c Alfons Kachlík, Hana Kachlíková |
| 520 | |a Upresnenie podmienok pre vstup na zvolené trhy. Ciele vlastného výskumu zahraničného trhu ohľadne výrobkov efektívne predajných na danom trhu. Dokazovanie akosti exportovaných výrobkov. Prieskum požiadaviek spotrebiteľov a distribučnej siete. Zisťovanie dovozných cien a platobných podmienok. Postup výskumu metód komercializácie, fyzickej distribúcie a foriem komunikácie konkurentov so zákazníkmi. | ||
| 610 | 2 | 0 | |a vývoz |
| 610 | 2 | 0 | |a trh zahraničný |
| 610 | 2 | 0 | |a výskum trhu |
| 610 | 2 | 0 | |a styk zahraničnoobchodný |
| 610 | 2 | 0 | |a obchod zahraničný |
| 610 | 2 | 0 | |a získavanie informácií |
| 610 | 2 | 0 | |a výrobky |
| 610 | 2 | 0 | |a spotrebitelia |
| 610 | 2 | 0 | |a konkurencia medzinárodná |
| 610 | 2 | 0 | |a predpisy |
| 610 | 2 | 0 | |a kvalita výrobkov |
| 610 | 2 | 0 | |a distribúcia |
| 610 | 2 | 0 | |a ceny predajné |
| 610 | 2 | 0 | |a ceny |
| 610 | 2 | 0 | |a metódy distribučné |
| 610 | 2 | 0 | |a komunikácia |
| 610 | 2 | 0 | |a tovar |
| 100 | 1 | |a Kachlík, Alfons | |
| 700 | 1 | |a Kachlíková, Hana | |